• 首页
  • 本馆介绍
  • 公告通知
  • 最新文献
  • 馆藏检索
  • 电子资源
  • 读者导购
  • 参考咨询
  • 我的图书馆
  • 登录
  • 详细信息显示
  • 放入我的书架
  • 预约/预借图书
  • 作者相关作品
  • 分类相关作品
  • 丛书相关作品
  • 出版社相关作品

书目信息

  • 表格格式
  • 工作单格式
  • 卡片格式
题名:
简论李白和杜甫
    
 
作者: 燕白 著
分册:  
出版信息: 成都   四川人民出版社  1981
页数: 162页
开本: 19cm
丛书名:
单 册:
中图分类: K825.6 , I207.2
科图分类:
主题词: 文学--中国
电子资源:
ISBN:
000 00756nam0 2200277 450
001 1561999765
005 20150124171450.75
010    @dCNY0.40
091    @a10118.427
100    @a19950703d1981 em y0chiy0110 ea
101 0  @achi
102    @aCN@b510000
105    @ay z 000yd
200 1  @a简论李白和杜甫@9jian lun li bai he du fu@f燕白著
210    @a成都@c四川人民出版社@d1981
215    @a162页@d19cm
600  0 @a李白@f(701~762)@x人物研究
600  0 @2CT@3S046267@a李白@f(701~762)
600  0 @a杜甫@f(712~770)@x人物研究
600  0 @2CT@3S016898@a杜甫@f(712~770)
606 0  @a文学@x中国
690    @aK825.6@v5
690    @aI207.2@v4
701  0 @a燕白@9yan bai@4著
801  0 @aCN@bTSSF@c20150124
905    @aZUCC@dI207.2@eJY89
    
    简论李白和杜甫/燕白著.-成都:四川人民出版社,1981
    162页;19cm
    
    
    ISBN :CNY0.40
    
●
相关链接 在E读中查询图书 在五车中查询图书 在当当中查询图书 在豆瓣中查询图书


正题名:简论李白和杜甫     索取号:I207.2/JY89         预约/预借

序号 登录号 条形码 馆藏地/架位号 状态 备注
1 7842111   278421110   学院路分馆/ [索取号:I207.2/JY89] 在馆    
2 7842112   278421129   学院路分馆/ [索取号:I207.2/JY89] 在馆    
3 7842113   278421138   学院路分馆/ [索取号:I207.2/JY89] 在馆    
4 7842114   278421147   学院路分馆/ [索取号:I207.2/JY89] 在馆    
唐山师范学院图书馆 欢迎您!
大连网信软件有限公司© 版权所有